000 00408nam a22001697a 4500
003 OSt
005 20210929155338.0
008 210929b |||||||| |||| 00| 0 eng d
020 _a0-02-349950-8
040 _cHawassa university
050 _a581/HAN
_b1
082 _a581/HAN
_b1
100 _aHaney alan w.
_96716
245 _aPlants & life
260 _aNew york
_bMacmillan
_c1978
942 _2ddc
_cBOOKS
_n0
999 _c7701
_d7701